000 00513nam a2200217Ia 4500
003 OSt
005 20231012122339.0
008 210210b1930 xxu||||| |||| 00| 0 eng d
040 _cAL
041 _aeng
082 _a536/124
100 _aSPRING (K H)
_9137682
245 _aPhotons and electrons
260 _aLondon
_bMethuen & Co. Ltd.
_c1930
300 _a108
650 _aPhotons
_9137683
650 _aelectrons
_9137684
690 _aModern Physics
_9137685
906 _a008922
942 _2ddc
_cBK
999 _c126778
_d126778